LEADER 01172nam0 22002531i 450 001 UON00319381 005 20231205104133.726 100 $a20090121d1971 |0itac50 ba 101 $aeng 102 $aAL 105 $a|||| 1|||| 200 1 $aReport on the activity of the Central Committee of the Party of Labor of Albania submitted to the 6th Congress of the Party of Labor of Albania November 1, 1971$fEnver Hoxha 210 $aTirana$cNaim Frasheri$d1971 215 $a247 p.$d17 cm. 606 $aAlbania$xPartito del lavoro$xCongressi$3UONC070371$2FI 620 $dTiranė$3UONL003212 700 1$aHOXHA$bEnver$3UONV039194$0142541 712 $aNaim Frashėri$3UONV274902$4650 801 $aIT$bSOL$c20250411$gRICA 899 $aSIBA - SISTEMA BIBLIOTECARIO DI ATENEO$2UONSI 912 $aUON00319381 950 $aSIBA - SISTEMA BIBLIOTECARIO DI ATENEO$dSI NAPOLITANO 1622 $eSI SC 44505 5 1622 996 $aReport on the activity of the Central Committee of the Party of Labor of Albania submitted to the 6th Congress of the Party of Labor of Albania November 1, 1971$91373167 997 $aUNIOR